[Event "25th Panevezys IM"]
[Site "Panevezys LTU"]
[Date "2012.08.17"]
[Round "7.2"]
[White "Labeckas,K"]
[Black "Pileckis,E"]
[Result "1/2-1/2"]
[WhiteElo "2378"]
[BlackElo "2443"]

1.d4 Nf6 2.c4 e6 3.Nc3 Bb4 4.f3 d5 5.a3 Bxc3+ 6.bxc3 c5 7.cxd5 Nxd5 8.dxc5 f5
9.e4 fxe4 10.Qc2 e3 11.Bd3 Nd7 12.Ne2 Nxc5 13.O-O Bd7 14.a4 Rc8 15.Be4 Bc6
16.c4 Nxe4 17.Qxe4 Nb6 18.Qxe6+ Qe7 19.Qxe7+ Kxe7 20.Bxe3 Nxa4 21.Bxa7 b6
22.Rab1 Bd7 23.Bxb6 Nxb6 24.Rxb6 Rxc4 25.Re1 Rhc8 26.Ng3+ Kf8 27.Ne4 Rc1
28.Rxc1 Rxc1+ 29.Kf2 Rc7 30.Rb2 h6 31.g4 Ra7 32.Nc5 Rc7 33.Nd3 Be8 34.h4 Ra7
35.Ne5 Ra5 36.f4 g5 37.hxg5 hxg5 38.Rb4 Ke7 39.Ke3 gxf4+ 40.Kxf4 Ra4 41.Rxa4 Bxa4
42.g5 Bc2 43.Kg4 Kf8  1/2-1/2

[Event "EY Boys U16 2012"]
[Site "Prague CZE"]
[Date "2012.08.18"]
[Round "2.18"]
[White "David,Alexandru"]
[Black "Studer,N"]
[Result "0-1"]
[WhiteElo "2059"]
[BlackElo "2273"]

1.d4 e6 2.c4 Nf6 3.Nc3 Bb4 4.f3 c5 5.d5 b5 6.e4 O-O 7.Be3 Re8 8.a3 Bxc3+
9.bxc3 Qa5 10.Qd2 bxc4 11.Bxc4 exd5 12.exd5 d6 13.Kf2 Nbd7 14.Be2 Ba6 15.c4 Qa4
16.Qd1 Qxd1 17.Rxd1 Rab8 18.Nh3 Rb3 19.Bf4 Rb2 20.Rd2 Rxd2 21.Bxd2 Nxd5 22.Rd1 N5b6
23.Be3 Bxc4 24.Rxd6 Bxe2 25.Kxe2 Rxe3+  0-1

[Event "EY Girls U18 2012"]
[Site "Prague CZE"]
[Date "2012.08.18"]
[Round "2.7"]
[White "Grigoryeva,O2"]
[Black "Neuhauser,S"]
[Result "1-0"]
[WhiteElo "2190"]
[BlackElo "2026"]

1.d4 Nf6 2.c4 e6 3.Nc3 Bb4 4.f3 d5 5.a3 Bxc3+ 6.bxc3 c5 7.cxd5 exd5 8.e3 Qc7
9.Bd2 O-O 10.Bd3 b6 11.Ne2 Ba6 12.Bxa6 Nxa6 13.O-O Nb8 14.Ng3 Nc6 15.Be1 Rfe8
16.Qd3 Rad8 17.Bf2 Qd7 18.Rad1 h5 19.h3 Na5 20.Rde1 c4 21.Qc2 Qb5 22.Rb1 Nb3
23.Rfe1 g6 24.e4 Qa5 25.e5 Nh7 26.f4 Qxa3 27.f5 Nf8 28.Qd1 Qe7 29.Re3 Qg5
30.fxg6 fxg6 31.Nf1 Qe7 32.Rg3 Kh7 33.Ne3 Qf7 34.Rf3 Qe7 35.g4 Ne6 36.Rf6 Rf8
37.Bh4 g5 38.Qc2+ Kh8 39.Nf5 Qd7 40.Bxg5 Nxg5 41.Rh6+ Nh7 42.e6  1-0

[Event "2nd Isthmia Open A"]
[Site "Korinthia GRE"]
[Date "2012.08.19"]
[Round "3.21"]
[White "Nishant,M"]
[Black "Dorfanis,I"]
[Result "0-1"]
[WhiteElo "2076"]
[BlackElo "2239"]

1.d4 Nf6 2.c4 e6 3.Nc3 Bb4 4.f3 d5 5.a3 Bxc3+ 6.bxc3 c5 7.cxd5 Nxd5 8.dxc5 f5
9.Nh3 O-O 10.Nf4 Nxf4 11.Bxf4 Qa5 12.Qd4 Nc6 13.Qc4 Kh8 14.Bd6 Re8 15.e4 e5
16.Be2 Nd4 17.Bd1 Bd7 18.Qb4 Nc6 19.Qb2 b6 20.cxb6 axb6 21.O-O Be6 22.Be2 Red8
23.Bc7 Rd7 24.Bxb6 Rb7 25.Rfb1 Rab8 26.Bxa5 Rxb2 27.Rxb2 Rxb2 28.Bc7 Rxe2
29.exf5 Bxf5 30.a4 e4 31.a5 exf3 32.gxf3 Re7 33.Bb6 h6 34.a6 Na7 35.Rd1 Nc8
36.Rd8+ Kh7 37.Bd4 Kg6 38.Kf2 h5 39.Kg3 Rf7 40.c4 Rc7 41.Rf8 Be6 42.f4 Bxc4
43.Be5 Rc6 44.Kh4 Be6 45.f5+ Bxf5 46.Bxg7 Rxa6 47.Be5 Ne7 48.Re8 Ra3  0-1

[Event "2nd Split Open 2012"]
[Site "Split CRO"]
[Date "2012.08.19"]
[Round "9.27"]
[White "Bozinovic,Bog"]
[Black "Marcic,I"]
[Result "1-0"]
[WhiteElo "2242"]
[BlackElo "2009"]

1.d4 Nf6 2.c4 e6 3.Nc3 Bb4 4.f3 d5 5.a3 Bxc3+ 6.bxc3 c6 7.Qc2 Nbd7 8.e4 Nb6
9.e5 Ng8 10.c5 Nd7 11.f4 b6 12.cxb6 axb6 13.f5 exf5 14.Qxf5 Nc5 15.Qf4 Ne6
16.Qg3 Ne7 17.Bd3 Ba6 18.Nh3 Bxd3 19.Qxd3 Ng6 20.O-O O-O 21.Qf5 h6 22.g3 c5
23.Nf2 Ra7 24.Ng4 cxd4 25.Qh5 Re8 26.Bxh6 dxc3 27.Bxg7 Nxg7 28.Qh6 Re6 29.Rf6 Nxe5
30.Rxe6 Nxg4 31.Rd6 Qe7 32.Qf4 Qe3+ 33.Qxe3 Nxe3 34.Kf2 Ng4+ 35.Ke2 Re7+
36.Kd3 Re3+ 37.Kc2 Nf6 38.Rxf6 d4 39.Rd1 Ne6 40.Rxe6 fxe6 41.Rxd4 Kf7 42.Rb4 Kf6
43.Rxb6 Ke5 44.a4 Kd4 45.Rb4+ Kc5 46.Rf4 e5 47.Rf2 Kb4 48.g4 Kxa4 49.g5 Rh3
50.g6 Rh6 51.Rg2 Rh8 52.g7 Rg8  1-0

[Event "Husek Vienna Open A"]
[Site "Vienna AUT"]
[Date "2012.08.19"]
[Round "7"]
[White "Rau,H"]
[Black "Ernst,M"]
[Result "1/2-1/2"]
[WhiteElo "2447"]
[BlackElo "2182"]

1.d4 Nf6 2.c4 e6 3.Nc3 Bb4 4.f3 d5 5.a3 Bxc3+ 6.bxc3 c5 7.cxd5 Nxd5 8.dxc5 Qa5
9.e4 Ne7 10.Be3 O-O 11.Qb3 Qc7 12.a4 Nec6 13.Nh3 e5 14.Nf2 Be6 15.Qa3 Na5
16.Be2 Rc8 17.O-O Nd7 18.Rfd1 Bc4 19.c6 Qxc6 20.Qe7 Re8 21.Qxd7 Bxe2 22.Qxc6 Nxc6
23.Rd2 Bc4 24.Nd3 Rad8 25.Nb4 Rxd2 26.Bxd2 Nxb4 27.cxb4 Rd8 28.Be3 a6 29.Bb6 Rc8
30.a5 f6 31.Rd1 Be6 32.Bc5 Kf7 33.Kf2 Ke8 34.Rd6 Rc6 35.Rd2 Rc8 36.g4 Rd8
37.Rc2 Bd7 38.h4 Bc6 39.Ke3  1/2-1/2

[Event "32nd Bratto Masters"]
[Site "Bratto ITA"]
[Date "2012.08.20"]
[Round "3.6"]
[White "Cebalo,M"]
[Black "Mamedov,Nid"]
[Result "0-1"]
[WhiteElo "2435"]
[BlackElo "2614"]

1.c4 Nf6 2.Nc3 e6 3.d4 Bb4 4.f3 c5 5.a3 Bxc3+ 6.bxc3 Nc6 7.e4 d6 8.Be3 b6
9.Bd3 O-O 10.Ne2 Ba6 11.Ng3 Rc8 12.Qe2 cxd4 13.cxd4 e5 14.d5 Na5 15.Rc1 Nd7
16.O-O Nc5 17.Bxc5 Rxc5 18.f4 g6 19.fxe5 dxe5 20.Rf2 Qg5 21.Rc3 Rfc8 22.Nf5 gxf5
23.Rxf5 Qg6 24.Qd2 Kh8 25.Qf2 Bxc4 26.Rxf7 Rg8 27.Bc2 Bb3 28.Rf6 Qxg2+  0-1

[Event "2nd Isthmia Open A"]
[Site "Korinthia GRE"]
[Date "2012.08.20"]
[Round "4.3"]
[White "Grover,S"]
[Black "Iordachescu,V"]
[Result "1/2-1/2"]
[WhiteElo "2516"]
[BlackElo "2645"]

1.d4 Nf6 2.c4 e6 3.Nc3 Bb4 4.f3 d5 5.a3 Bxc3+ 6.bxc3 c5 7.cxd5 exd5 8.e3 c4
9.g3 Nc6 10.Nh3 Na5 11.Ra2 Nb3 12.Re2 O-O 13.Nf2 Nd7 14.Bg2 Nb6 15.O-O Na4
16.Qc2 b5 17.e4 a5 18.Be3 Bb7 19.e5 b4 20.axb4 axb4 21.cxb4 Qb6 22.f4 Qxb4
23.Ree1 Qc3 24.Qd1 Nb2 25.Qg4 Nd3 26.f5 Nxe1 27.Nd1 Qc2 28.Rxe1 Ra2 29.Bf2 Bc8
30.Bxd5 Bxf5 31.Qf4 Be6 32.Be4 Qd2 33.d5 Qxf4 34.gxf4 Bh3 35.Nc3 Ra3 36.Be3 g6
37.d6 Be6 38.Nb5 Ra5 39.Nc7 Nc5 40.Bc6 Nd3 41.Nxe6 fxe6 42.Rd1 Rb8 43.d7 Kf7
44.f5 gxf5 45.Bg5 Rc5 46.Bf3 Kg6 47.Be7 Rxe5 48.Kf1 Re3 49.Be2 Rh3 50.d8=Q Rxd8
51.Bxd8 Rxh2 52.Bxd3 Rh1+ 53.Ke2 Rxd1 54.Bxf5+ exf5 55.Kxd1 f4 56.Ke2 c3
57.Bc7 Kf5 58.Kf3  1/2-1/2

[Event "2nd Isthmia Open A"]
[Site "Korinthia GRE"]
[Date "2012.08.21"]
[Round "5.18"]
[White "Nishant,M"]
[Black "Nikolaidis,K"]
[Result "0-1"]
[WhiteElo "2076"]
[BlackElo "2279"]

1.d4 Nf6 2.c4 e6 3.Nc3 Bb4 4.f3 d5 5.a3 Be7 6.e4 dxe4 7.fxe4 e5 8.d5 Bc5
9.Nf3 Bg4 10.h3 Bxf3 11.Qxf3 Nbd7 12.Bd3 c6 13.Bd2 O-O 14.g4 a5 15.O-O-O Ne8
16.h4 a4 17.g5 Qe7 18.Rdf1 Nd6 19.h5 Nb6 20.Qe2 Rac8 21.Kb1 Bd4 22.Rf3 Bxc3
23.Bxc3 cxd5 24.cxd5 Qxg5 25.Qh2 Rxc3 26.bxc3 Nbc4 27.Bxc4 Nxc4 28.Rd1 Nd6
29.Rg1 Qd8 30.Qxe5 Qb6+ 31.Kc2 Qxg1 32.Rg3 Qf2+ 33.Kd3 Qd2+ 34.Kxd2 Nc4+
35.Kd3 Nxe5+ 36.Kd4 f6 37.c4 b6 38.d6 Rc8 39.Kd5 Kf7  0-1

[Event "EY Boys U16 2012"]
[Site "Prague CZE"]
[Date "2012.08.22"]
[Round "6.30"]
[White "David,Alexandru"]
[Black "Magee,Ronan"]
[Result "1-0"]
[WhiteElo "2059"]
[BlackElo "1981"]

1.d4 Nf6 2.c4 e6 3.Nc3 Bb4 4.f3 Bxc3+ 5.bxc3 d5 6.cxd5 Nxd5 7.e4 Ne7 8.Be3 O-O
9.Bd3 c5 10.Ne2 cxd4 11.cxd4 Nbc6 12.O-O Bd7 13.Rb1 b6 14.Qd2 a6 15.d5 exd5
16.Bxb6 Qe8 17.exd5 Nxd5 18.Bc5 Nce7 19.Be4 Rc8 20.Rbc1 Bc6 21.Bxd5 Bxd5
22.Nf4 Be6 23.Qd6 Ng6 24.Nxg6 hxg6 25.Qxf8+ Qxf8 26.Bxf8 Rxf8 27.Rf2 Rb8
28.h4 Rb4 29.g3 Kf8 30.Rc6 Ra4 31.Rb2 Bxa2 32.Rb7  1-0

[Event "e2e4 Hinckley Open 2012"]
[Site "Hinckley ENG"]
[Date "2012.08.26"]
[Round "5.4"]
[White "Shaw,P"]
[Black "Spence,D"]
[Result "1/2-1/2"]
[WhiteElo "2168"]
[BlackElo "2250"]

1.d4 e6 2.c4 Nf6 3.Nc3 Bb4 4.f3 Nc6 5.e4 d5 6.cxd5 exd5 7.e5 Ng8 8.Be3 Nh6
9.Bb5 Nf5 10.Bf2 O-O 11.f4 a6 12.Ba4 b5 13.Bc2 Na5 14.Nf3 Nc4 15.Qc1 c5 16.O-O f6
17.Ne2 fxe5 18.fxe5 Nxd4 19.Nexd4 cxd4 20.Bxd4 Bg4 21.Qg5 Bxf3 22.Qxd8 Raxd8
23.Rxf3 Rxf3 24.gxf3 Rf8 25.Kg2 Rf4 26.Rd1 Rxd4 27.Rxd4 Ne3+  1/2-1/2

[Event "19th Graz Open 2012"]
[Site "Graz AUT"]
[Date "2012.08.30"]
[Round "6.13"]
[White "Toefferl,H"]
[Black "Hrenic,M"]
[Result "0-1"]
[WhiteElo "2152"]
[BlackElo "2087"]

1.d4 Nf6 2.c4 e6 3.Nc3 Bb4 4.f3 O-O 5.e4 d5 6.e5 Nfd7 7.cxd5 exd5 8.a3 Ba5
9.b4 Bb6 10.Be3 Nxe5 11.Bf2 Ng6 12.h4 Nc6 13.g3 Re8+ 14.Be2 Nf8 15.Kf1 Ne6
16.Bb5 Bd7 17.Bxc6 Bxc6 18.Nge2 Qd6 19.Qd2 Bd7 20.g4 c6 21.f4 Rad8 22.Bg3 Nf8
23.f5 Qe7 24.Kf2 Bc8 25.Qf4 Qf6 26.Rad1 Re7 27.Rhf1 Bc7 28.Qf3 Bxg3+ 29.Kxg3 Rde8
30.Rd3 Qd6+ 31.Kg2 f6 32.Rf2 Nd7 33.Ng3 Nb6 34.g5 Nc4 35.Nd1 Kh8 36.Qg4 b6
37.Re2 Rxe2+ 38.Nxe2 Bxf5 39.Qxf5 Rxe2+ 40.Kf3 Re8 41.Ne3 fxg5 42.Qxg5 h6
43.Qg4 Qf6+ 44.Ke2 Qe6 45.Qf4 Nxe3 46.Rxe3 Qxe3+ 47.Qxe3 Rxe3+ 48.Kxe3 g5
49.Kf3 Kg7 50.Kg4 Kf6 51.h5 a6 52.a4 Ke6  0-1

[Event "11th Istanbul Open A"]
[Site "Istanbul TUR"]
[Date "2012.08.31"]
[Round "2"]
[White "Dizdar,Orkun"]
[Black "Modeer,C"]
[Result "0-1"]
[WhiteElo "1876"]
[BlackElo "2048"]

1.d4 Nf6 2.c4 e6 3.Nc3 Bb4 4.f3 O-O 5.e4 Bxc3+ 6.bxc3 d6 7.Bd3 Nbd7 8.Ne2 e5
9.O-O c5 10.d5 h6 11.Ng3 Re8 12.Bc2 Qa5 13.Qd3 Nf8 14.f4 Ng6 15.Nf5 Bxf5
16.exf5 Nxf4 17.Bxf4 exf4 18.Rxf4 Re5 19.Qd2 Rae8 20.Bd3 Ne4 21.Bxe4 Rxe4
22.Rxe4 Rxe4 23.Qd3 Re5 24.f6 gxf6 25.h3 Kg7 26.Qg3+ Rg5 27.Qxd6 Qxc3 28.Rf1 Qb2
29.Rf2 Qa1+ 30.Rf1 Qd4+ 31.Kh1 Rg6 32.Qf4 Qxf4 33.Rxf4 Rg3 34.Rg4+ Rxg4 35.hxg4 b5
36.Kg1 bxc4 37.Kf2 Kf8 38.Ke3 Ke7 39.Kd2 Kd6 40.Kc3 Kxd5 41.g3 Ke4 42.Kxc4 Kf3
43.Kxc5 Kxg3 44.a4 Kxg4 45.a5 h5 46.a6 h4 47.Kc6 h3 48.Kb7 h2 49.Kxa7 h1=Q
50.Kb8 Qb1+ 51.Ka8 Qe4+ 52.Kb8 Qb4+ 53.Ka8 Qc5 54.Kb7 Qb5+ 55.Ka7 Kf5  0-1

[Event "40th Olympiad Open"]
[Site "Istanbul TUR"]
[Date "2012.08.31"]
[Round "4.19"]
[White "Golizadeh,A"]
[Black "Bacallao Alonso,Y"]
[Result "1-0"]
[WhiteElo "2472"]
[BlackElo "2583"]

1.d4 Nf6 2.c4 e6 3.Nc3 Bb4 4.f3 Nh5 5.Nh3 O-O 6.a3 Bxc3+ 7.bxc3 f5 8.e3 d6
9.Bd3 Nc6 10.O-O Qe8 11.a4 e5 12.c5 dxc5 13.Ba3 b6 14.dxc5 Rf6 15.f4 e4 16.Be2 g6
17.c4 Ng7 18.Bb2 Rf7 19.cxb6 cxb6 20.c5 h6 21.Qd6 Qe6 22.Rfd1 Rd7 23.Qxe6+ Nxe6
24.Bb5 Rxd1+ 25.Rxd1 Na5 26.cxb6 axb6 27.Rd6 Ra7 28.Be5 Kf7 29.Rxb6 Nb3 30.Rb8 Bd7  1-0

[Event "World Youth U16 Olympiad 2012"]
[Site "Istanbul TUR"]
[Date "2012.08.31"]
[Round "4.13"]
[White "Jensen,Tobias Ilsoe"]
[Black "Haring,V"]
[Result "0-1"]
[WhiteElo "1812"]
[BlackElo "2049"]

1.d4 Nf6 2.c4 e6 3.Nc3 Bb4 4.f3 d5 5.a3 Bxc3+ 6.bxc3 b6 7.cxd5 exd5 8.e3 O-O
9.Bd3 Ba6 10.Ne2 Re8 11.O-O Bxd3 12.Qxd3 Qc8 13.Ng3 Qa6 14.Qf5 Qc4 15.Bd2 Nc6
16.Rae1 Ne7 17.Qb1 c5 18.Qb2 Nc6 19.Ne2 Na5 20.Nc1 Qa6 21.Qc2 Nc4 22.e4 Qxa3
23.Nd3 Nxd2 24.Qxd2 cxd4 25.cxd4 dxe4 26.Ne5 Rad8 27.Qf2 exf3 28.Nxf3 Qd6
29.Rxe8+ Rxe8 30.Ra1 a5 31.Ne5 Ra8 32.Ra4 Rc8 33.h3 Rc1+ 34.Kh2 g6 35.g4 Rc7
36.Qa2 Nd5 37.Rc4 Nb4 38.Qe2 Kg7 39.Kg1 Rxc4 40.Qxc4 Qd5 41.Qc3 Qe4 42.Qc4 Qb1+
43.Kh2 Qc2+ 44.Kg3 Qxc4 45.Nxc4 Nd5 46.g5 f6 47.h4 f5  0-1

[Event "FSGM Sept 2012"]
[Site "Budapest HUN"]
[Date "2012.09.01"]
[Round "1.2"]
[White "Toth,E"]
[Black "Battey,A"]
[Result "1-0"]
[WhiteElo "2473"]
[BlackElo "2364"]

1.d4 Nf6 2.c4 e6 3.Nc3 Bb4 4.f3 d5 5.a3 Bxc3+ 6.bxc3 c5 7.cxd5 Nxd5 8.dxc5 Qa5
9.e4 Nf6 10.Be3 O-O 11.Qb3 Nfd7 12.a4 Qc7 13.Qa3 b6 14.a5 bxc5 15.Nh3 Ba6
16.Bxa6 Nxa6 17.Qa4 Ne5 18.Nf2 Rfd8 19.O-O Qc6 20.f4 Qxa4 21.Rxa4 Nd3 22.Rb1 Nxf2
23.Kxf2 Rab8 24.Raa1 Kf8 25.Ke2 Ke7 26.Rxb8 Rxb8 27.Kd3 Rb2 28.Kc4 Re2 29.Bxc5+ Nxc5
30.Kxc5 Rxe4 31.g3 Re2 32.Kc6 Rxh2 33.Kb7 Rg2 34.Kxa7 Rxg3 35.Ra3 Rg1 36.Kb7 Kd8
37.a6  1-0

[Event "40th Olympiad Open"]
[Site "Istanbul TUR"]
[Date "2012.09.01"]
[Round "5.41"]
[White "Labeckas,K"]
[Black "Kostenko,P"]
[Result "0-1"]
[WhiteElo "2378"]
[BlackElo "2494"]

1.d4 e6 2.c4 Nf6 3.Nc3 Bb4 4.f3 O-O 5.e4 d5 6.cxd5 exd5 7.e5 Nfd7 8.f4 c5
9.Nf3 cxd4 10.Qxd4 Nc6 11.Qxd5 Ndxe5 12.Qxd8 Nxf3+ 13.gxf3 Rxd8 14.Be3 Bf5
15.Kf2 Nd4 16.Rd1 Nc2 17.Rxd8+ Rxd8 18.Bxa7 Be7 19.h4 Rd2+ 20.Kg3 Nb4 21.Rh2 Rxh2
22.Kxh2 Bxh4 23.Bc5 Nd3 24.Bxd3 Bxd3 25.b4 Be1 26.Ne4 f5 27.Nd6 b6 28.Bxb6 Bxb4
29.Nb7 Bc4 30.a4 Bd5 31.Bc5 Bd2 32.Nd6 g6 33.Kg3 Bb3 34.Bd4 Bxa4 35.Nc4 Be1+
36.Kg2 Bb5 37.Ne5 Bb4 38.Bb6 Kg7 39.Bd8 Bd2 40.Kg3 h6 41.Bb6 Bc3 42.Kf2 Bb2
43.Bc7 Bc1 44.Kg3 g5 45.fxg5 hxg5 46.Ng4 fxg4 47.fxg4 Kf6 48.Bd8+ Ke5 49.Kf3 Bc6+
50.Kg3 Ke4 51.Be7 Bf4+ 52.Kf2 Bd7 53.Bd8 Bxg4 54.Bxg5 Bxg5 55.Kg3 Bh5 56.Kg2 Bf4
57.Kh3 Kf3 58.Kh4 Be8 59.Kh3 Bg5 60.Kh2 Kf2 61.Kh1 Bd7  0-1

[Event "19th Graz Open 2012"]
[Site "Graz AUT"]
[Date "2012.09.02"]
[Round "9.9"]
[White "Toefferl,H"]
[Black "Matosec,T"]
[Result "1-0"]
[WhiteElo "2152"]
[BlackElo "2072"]

1.d4 Nf6 2.c4 e6 3.Nc3 Bb4 4.f3 d5 5.e3 c5 6.a3 Bxc3+ 7.bxc3 O-O 8.cxd5 Nxd5
9.Bd2 f5 10.Bd3 f4 11.e4 Qh4+ 12.Kf1 Ne3+ 13.Bxe3 fxe3 14.Qe2 cxd4 15.cxd4 Qh6
16.Rd1 Nc6 17.Bc4 Na5 18.Ba2 Bd7 19.g3 a6 20.Kg2 Rac8 21.Re1 Bb5 22.Qb2 Rc7
23.Rc1 e2 24.f4 Rxc1 25.Qxc1 Bd3 26.Qe3 e1=Q 27.Qxe1 Rc8 28.Bb1 Bb5 29.Qxa5 Qh5
30.Qd2 Rd8 31.Nf3 Bc6 32.Re1  1-0

[Event "40th Olympiad Open"]
[Site "Istanbul TUR"]
[Date "2012.09.03"]
[Round "6.62"]
[White "Simonet,M"]
[Black "Arora,N"]
[Result "1-0"]
[WhiteElo "2291"]
[BlackElo "1861"]

1.d4 Nf6 2.c4 e6 3.Nc3 Bb4 4.f3 O-O 5.a3 Bxc3+ 6.bxc3 h6 7.e4 d6 8.Bd3 e5
9.Ne2 c5 10.Be3 Qe7 11.O-O Nc6 12.d5 Na5 13.g4 Nh7 14.Ng3 Qh4 15.Ra2 Ng5
16.Nf5 Bxf5 17.gxf5 Nh3+ 18.Kh1 g5 19.Qa4 b6 20.Qd7 Rfd8 21.Qe7 Kg7 22.Rg2 Qh5
23.Rg3 Kh8 24.Qf6+ Kg8 25.Rb1 Rd7 26.Bf1 Nxc4 27.Rxh3 Qxh3 28.Bxh3 Nxe3 29.Qxh6 f6
30.Qxf6 Rf8 31.Qxg5+ Rg7 32.Qxe3  1-0

[Event "40th Olympiad Open"]
[Site "Istanbul TUR"]
[Date "2012.09.05"]
[Round "8.39"]
[White "Steadman,M"]
[Black "Faisal,Ab"]
[Result "1/2-1/2"]
[WhiteElo "2237"]
[BlackElo "2245"]

1.d4 Nf6 2.c4 e6 3.Nc3 Bb4 4.f3 c5 5.d5 b5 6.e4 O-O 7.Bd2 bxc4 8.Bxc4 Ba6
9.Bxa6 Nxa6 10.dxe6 dxe6 11.Nge2 c4 12.O-O Rb8 13.Kh1 Nc5 14.Be3 Qe7 15.Qc2 Rfc8
16.Rfd1 Nd3 17.Na4 Bd6 18.b3 Ne5 19.Qd2 Rd8 20.Qc3 cxb3 21.axb3 Ng6 22.Rab1 Be5
23.Qa5 Rxd1+ 24.Rxd1 Qc7 25.Qxa7 Qxa7 26.Bxa7 Rxb3 27.Kg1 h6 28.Bc5 Nf4 29.Nxf4 Bxf4
30.Bf2 Ra3 31.Nc5  1/2-1/2

[Event "World Youth U16 Olympiad 2012"]
[Site "Istanbul TUR"]
[Date "2012.09.05"]
[Round "10.14"]
[White "Jensen,Tobias Ilsoe"]
[Black "Walid,Anwar"]
[Result "0-1"]
[WhiteElo "1812"]
[BlackElo "1893"]

1.d4 Nf6 2.c4 e6 3.Nc3 Bb4 4.f3 O-O 5.a3 Bxc3+ 6.bxc3 Nh5 7.Nh3 f5 8.Bg5 Qe8
9.e4 e5 10.Bd3 d6 11.c5 Kh8 12.cxd6 cxd6 13.O-O f4 14.Kh1 Nc6 15.Bb5 a6 16.Ba4 b5
17.Bb3 Na5 18.Bd5 Rb8 19.a4 Nc4 20.Bxc4 bxc4 21.Rb1 Rxb1 22.Qxb1 Bxh3 23.gxh3 Qe6
24.Rf2 h6 25.Qg1 hxg5 26.Qxg5 Qxh3 27.Rg2 Rb8  0-1

[Event "40th Olympiad Women"]
[Site "Istanbul TUR"]
[Date "2012.09.06"]
[Round "9.56"]
[White "Gloria,S"]
[Black "Blackman,Katrina"]
[Result "1/2-1/2"]
[WhiteElo "1528"]
[BlackElo "1594"]

1.d4 e6 2.c4 Nf6 3.Nc3 Bb4 4.f3 Bxc3+ 5.bxc3 d6 6.Rb1 Nc6 7.e4 O-O 8.Bd3 e5
9.d5 Ne7 10.Bg5 Ng6 11.Ne2 h6 12.Be3 Nh4 13.Kf2 Nh5 14.c5 Qf6 15.c6 b6 16.Ng3 Nf4
17.Rg1 Nhg6 18.Nf5 Bxf5 19.Bxf4 Nxf4 20.exf5 Qh4+ 21.Ke3 Nxd5+ 22.Kd2 Qf2+
23.Qe2 Qxe2+ 24.Bxe2 Ne7 25.Bb5 Nxf5 26.Ba6 Rad8 27.Rb4 d5 28.g3 Ne7 29.Bb7 Rd6
30.Re1 f6 31.Ra4 a5 32.f4 Nxc6 33.Bxc6 Rxc6 34.fxe5 fxe5 35.Rxe5 Rf2+ 36.Re2 Rxe2+
37.Kxe2 Rxc3 38.Rd4 Rc2+ 39.Kf3 Rxh2 40.Rxd5 Rxa2 41.Rd8+ Kh7 42.g4 c5 43.Ra8 c4
44.Ke4 b5 45.Ra6 c3 46.Kd3 b4 47.Rc6 Rd2+ 48.Kc4 Rb2 49.Kb5 c2 50.Ka4 b3
51.Ka3 Rb1 52.Rc5 b2 53.Rxc2 Rg1 54.Kxb2 Rxg4 55.Rc6 h5 56.Kc3 h4 57.Kd3 h3
58.Rc5 a4 59.Rh5+ Kg6 60.Rxh3 Rb4 61.Kc2 Rb8 62.Rg3+ Kh6 63.Ra3 Ra8 64.Kd3 g5
65.Ke4 Kg6 66.Ke5 Ra5+ 67.Kd4 g4 68.Kc4 Kg5 69.Kb4 Ra8 70.Kc4 Kf4 71.Kd3 Kg3
72.Ke4+ Kh4 73.Ra1 a3 74.Ke3 a2 75.Kf4 Ra4+ 76.Ke3 g3 77.Kf3 Ra3+ 78.Kg2 Kg4
79.Kg1 Kh3 80.Kh1 g2+ 81.Kg1 Kg3 82.Rxa2  1/2-1/2

[Event "FSGM Sept 2012"]
[Site "Budapest HUN"]
[Date "2012.09.09"]
[Round "8.3"]
[White "Toth,E"]
[Black "Kantor,G"]
[Result "1-0"]
[WhiteElo "2473"]
[BlackElo "2310"]

1.d4 Nf6 2.c4 e6 3.Nc3 Bb4 4.f3 O-O 5.a3 Bxc3+ 6.bxc3 Nh5 7.g3 d6 8.e4 e5
9.Nh3 Nc6 10.d5 Na5 11.Nf2 Re8 12.f4 Nf6 13.f5 Nd7 14.Be3 Nb6 15.Qg4 Kh8
16.Qh5 Nbxc4 17.Bxc4 Nxc4 18.Bc1 f6 19.g4 Rf8 20.g5 fxg5 21.Bxg5 Qe8 22.Qh4 Qf7
23.Rg1 c6 24.O-O-O cxd5 25.f6 g6 26.exd5 b5 27.Ne4 Bf5 28.Bh6 Bxe4 29.Bg7+ Kg8
30.Qxe4 Rfe8 31.h4 Nxa3 32.h5  1-0

[Event "I Open Distrito de Chamartin"]
[Site "Madrid ESP"]
[Date "2012.09.14"]
[Round "8.40"]
[White "Moreno Zamora,Gregorio"]
[Black "Orantes Sanz,R"]
[Result "1-0"]
[WhiteElo "1724"]
[BlackElo "1604"]

1.d4 Nf6 2.c4 e6 3.Nc3 Bb4 4.f3 b6 5.e4 O-O 6.Bg5 h6 7.Bh4 g5 8.Bf2 Bb7 9.Bd3 d6
10.Ne2 c5 11.a3 cxd4 12.axb4 dxc3 13.bxc3 Nbd7 14.Qd2 Ne5 15.h4 Nh7 16.hxg5 hxg5
17.f4 gxf4 18.Nxf4 Ng5 19.O-O-O Bxe4 20.Qe2 Nxd3+ 21.Nxd3 Qf6 22.Kb2 Bg6
23.Bh4 Qe7 24.Nf4 Kg7 25.Qd2 Rh8 26.Bxg5 Qxg5 27.Nxe6+  1-0

[Event "4th Torneo Linares 2012"]
[Site "Cayey PUR"]
[Date "2012.09.16"]
[Round "4.3"]
[White "Montalvo,A"]
[Black "Zilleruelo Irizarry,Diego"]
[Result "1-0"]
[WhiteElo "2256"]
[BlackElo "2056"]

1.d4 Nf6 2.c4 e6 3.Nc3 Bb4 4.f3 d5 5.a3 Bxc3+ 6.bxc3 O-O 7.e3 c5 8.cxd5 exd5
9.Bd3 Nc6 10.Ne2 c4 11.Bc2 b5 12.O-O a5 13.e4 Rb8 14.Bg5 h6 15.Bh4 g5 16.Bg3 Rb7
17.e5 Nh5 18.f4 Bg4 19.Qd2 Qb6 20.fxg5 Bxe2 21.Qxe2 Nxg3 22.hxg3 Nxd4 23.cxd4 Qxd4+
24.Kh2 Rb6 25.Rad1 Qc5 26.Rf6 d4 27.Be4 Rxf6 28.gxf6 Kh8 29.Qh5  1-0

[Event "TCh-HUN 2012-13"]
[Site "Nagykanizsa HUN"]
[Date "2012.09.16"]
[Round "1"]
[White "Galyas,M"]
[Black "Zsinka,L"]
[Result "1-0"]
[WhiteElo "2429"]
[BlackElo "2272"]

1.d4 Nf6 2.c4 e6 3.Nc3 Bb4 4.f3 c5 5.d5 d6 6.e4 Qe7 7.Ne2 b5 8.a3 Ba5 9.Bd2 a6
10.Ng3 O-O 11.Be2 Nbd7 12.O-O bxc4 13.Bxc4 Ne5 14.Ba2 Rb8 15.Rb1 c4 16.Kh1 Qc7
17.Bg5 Ne8 18.Nge2 h6 19.Bh4 g5 20.Bg3 Nd3 21.b4 cxb3 22.Bxb3 Nc5 23.Ba2 e5
24.Rxb8 Qxb8 25.Qc2 f5 26.Bf2 fxe4 27.Bxc5 exf3 28.Qg6+ Ng7 29.Bxd6 Bf5 30.Qxg7+ Kxg7
31.Bxb8 Rxb8 32.gxf3 Rb2 33.Bb1 Bd7 34.Bd3 Rb3 35.Rb1 Rxb1+ 36.Nxb1 g4 37.Kg2 gxf3+
38.Kxf3 Bc8 39.Nbc3 Kf6 40.Ne4+ Ke7 41.N2c3 h5 42.d6+ Ke6 43.Bc4+ Kd7 44.Nd5 Kd8
45.Ndf6 Bb6 46.Nxh5  1-0

[Event "TCh-SRB Prem 2012"]
[Site "Valjevo SRB"]
[Date "2012.09.21"]
[Round "5.3"]
[White "Andrejic,V"]
[Black "Mastrovasilis,A"]
[Result "0-1"]
[WhiteElo "2195"]
[BlackElo "2505"]

1.d4 Nf6 2.c4 e6 3.Nc3 Bb4 4.f3 O-O 5.e4 d5 6.e5 Nfd7 7.f4 c5 8.Nf3 Nc6 9.a3 Ba5
10.dxc5 Bxc3+ 11.bxc3 Nxc5 12.Be3 Qa5 13.Qc2 Rd8 14.cxd5 exd5 15.Nd4 Bd7
16.Bd3 Nxd3+ 17.Qxd3 Rac8 18.Nb3 Nxe5 19.Nxa5 Nxd3+ 20.Kd2 Bf5 21.Nxb7 Rd7
22.Na5 g6 23.g4 Be4 24.Rhb1 Rdc7 25.Rb3 Nc5 26.Bxc5 Rxc5 27.Nb7 R5c6 28.Rc1 d4
29.Na5 Rc5 30.Nb7 Rxc3 31.Rcxc3 Rxc3 32.Na5 Rc2+ 33.Kd1 d3 34.Rb8+ Kg7 35.Nb3 Bf3+
36.Ke1 Re2+  0-1

[Event "Vladivostok Russian Cup 2012"]
[Site "Vladivostok RUS"]
[Date "2012.09.23"]
[Round "7.4"]
[White "Bocharov,D"]
[Black "Kovalenko,I"]
[Result "1-0"]
[WhiteElo "2603"]
[BlackElo "2611"]

1.d4 Nf6 2.c4 e6 3.Nc3 Bb4 4.f3 d5 5.a3 Bxc3+ 6.bxc3 c5 7.e3 Qa5 8.Bd2 O-O
9.cxd5 cxd4 10.cxd4 Qxd5 11.Bc3 Rd8 12.e4 Qd7 13.Qd2 b6 14.Rd1 Qa4 15.Qb2 Ba6
16.Bxa6 Qxa6 17.Ne2 Nbd7 18.O-O Rac8 19.Nf4 Qc4 20.Rc1 Qa4 21.e5 Nd5 22.Nxd5 exd5
23.Bb4 Qa6 24.Qb3 Rc4 25.Qe3 b5 26.f4 Qh6 27.Rxc4 bxc4 28.Qf3 Nb6 29.f5 Qh4
30.Qe3 Re8 31.Rf4 Qh6 32.h3 Na4 33.Kh2 c3 34.Qg3 a5 35.Bxa5 f6 36.Rh4 Qg5
37.Rg4 Qxf5 38.Rxg7+ Kh8 39.Rc7 Rg8 40.Qe3 fxe5 41.dxe5 Re8 42.Bxc3 Nxc3
43.Rxc3 Qxe5+ 44.Qxe5+ Rxe5 45.Rd3 Kg7 46.a4 Kf6 47.Rd4 Ke6 48.a5 Kd6 49.a6 Kc7
50.a7 Kb7 51.Ra4 Ka8 52.Ra5 h5 53.h4 Re4 54.Kh3 Rd4 55.g3 Rd2 56.Ra6 Re2
57.Rd6 Re5 58.Rd7 d4 59.Kg2 Rf5 60.Rxd4 Kxa7 61.Rb4 Ka6 62.Rb8 Rd5 63.Kf3 Rc5
64.Rg8 Rc7 65.Rg5 Rh7 66.Kf4 Kb7 67.Kf5 Rh6 68.Rg6 Rh8 69.Kf6 Kc7 70.Kg7 Ra8
71.Rg5 Ra5 72.Kg6  1-0

[Event "30th Balaton IM"]
[Site "Heviz HUN"]
[Date "2012.09.24"]
[Round "2.2"]
[White "Kantorik,M"]
[Black "Titz,Hei"]
[Result "1-0"]
[WhiteElo "2321"]
[BlackElo "2168"]

1.d4 Nf6 2.c4 e6 3.Nc3 Bb4 4.f3 O-O 5.a3 Bxc3+ 6.bxc3 d6 7.e4 Nbd7 8.Bd3 c5
9.Ne2 e5 10.d5 Re8 11.O-O Nf8 12.Be3 Ng6 13.Qd2 h6 14.Kh1 Bd7 15.g4 Nh7 16.Ng3 Qf6
17.Nh5 Qe7 18.Rg1 Ng5 19.Be2 Nh4 20.Raf1 a6 21.Qe1 Ng6 22.Qg3 Nh7 23.Qe1 b5
24.Ng3 Nf4 25.Nf5 Qf8 26.Bxf4 exf4 27.Qd2 g5 28.h4 f6 29.Rf2 Kh8 30.Rh2 Bxf5
31.gxf5 Re7 32.Kg2 Rg7 33.Kh1 Rb8 34.Bf1 Qe7 35.Qb2 Qe8 36.hxg5 hxg5 37.cxb5 c4
38.Bxc4 axb5 39.Bd3 Kg8 40.Rb1 Rgb7 41.Qb4 Qd8 42.Qd4 Nf8 43.Kg2 Rg7 44.Bxb5 Rh7
45.Rxh7 Nxh7 46.a4 Rb7 47.Rh1 Nf8 48.c4 Rh7 49.Rxh7 Nxh7 50.Qa7 g4 51.Bc6 gxf3+
52.Kxf3 Nf8 53.Kxf4 Qc8 54.Kf3 Qd8 55.Kg4 Nh7 56.Qa8 Qxa8 57.Bxa8 Ng5 58.Kf4 Nf7
59.a5  1-0